2- Drapeaux du Monde - Statistiques

Statistiques générales
  • Ce quiz a été pris 117 fois
    100 depuis la dernière actualisation
  • Le résultat moyen est 26 sur 30
Statistiques - réponses
Par images Réponse % Correct
Brésil
95%
France
95%
Italie
95%
Argentine
93%
Japon
93%
Portugal
93%
Royaume-Uni
93%
Canada
92%
Algérie
90%
Chine
90%
Espagne
90%
Etats-Unis
90%
Mexique
90%
Suède
90%
Allemagne
89%
Inde
89%
Australie
88%
Danemark
88%
Grèce
88%
Nouvelle-Zélande
88%
Russie
88%
Égypte
86%
Turquie
86%
Côte d'Ivoire
82%
Indonésie
78%
Kenya
78%
Pérou
78%
Mali
77%
Madagascar
75%
Mongolie
71%
Aucun quiz correspondant
Distribution des résultats
% des personnes avec chaque résultat
Percentile par nombre de réponses
Votre historique - résultats
Vous n’avez pas pris ce quiz depuis la dernière actualisation